| 000 | 00394nam a2200157 i 4500 | ||
|---|---|---|---|
| 001 | bg | ||
| 100 | 1 | _aDEMJANOV, Vladimir Fedorovic | |
| 245 | 0 |
_aVvedenie w minimaks / _cW.F. Demjanov, V.N. Malozemov. |
|
| 260 |
_aMoskva, _c1972. |
||
| 700 | 1 | _aMALOZEMOV, Vasilij Nikolaevic | |
| 040 | _cBPK | ||
| 041 | _apol | ||
| 080 | _a517 | ||
| 942 | _cKS | ||
| 008 | s pl f |000 0 pol | ||
| 999 |
_c14357 _d14357 |
||
| 856 |
_uhttp://koha.tu.koszalin.pl/cgi-bin/koha/opac-detail.pl?biblionumber=14357 _yKatalog online BPK |
||